| 000 | 00517nam a2200193Ia 4500 | ||
|---|---|---|---|
| 003 | GCL | ||
| 008 | 140319s9999 xx 000 0 eng d | ||
| 040 |
_aGCL / _cGCL |
||
| 082 | 0 | 4 |
_a153.4 _bP E |
| 100 | 1 | _aPOON, LEONARD W. | |
| 245 | 1 | 0 |
_aEVERYDAY COGNITION IN ADULTHOOD AND LATE LIFE / _cPOON, LEONARD W. |
| 700 | 1 | _aRUBIN, DAVID C. | |
| 700 | 1 | _aWILSON, BARBARA | |
| 260 |
_a[S.N] : _bCAMLRIDGE UNIVERSITY PRESS ، _c1989 |
||
| 300 | _a708 P | ||
| 650 | 0 | 4 | _aADULTS |
| 650 | 0 | 4 | _aLIFE, MAN |
| 942 |
_2ddc _cBK |
||
| 999 |
_c19592 _d19592 |
||